000 00789am a2200277a 44500
003 AR-BaBNM
005 20251128211153.0
008 103020s1998 #AR|||||||||||000 | spa||
040 _cAR-BaBNM
100 1 _aBravo, Leonor
245 1 0 _aTilín tilín tintero, juego y aprendo el año entero
_bguía para maestras y maestros de nivel preescolar
250 _a2ª ed.
260 _aQuito
_bMinisterio de Educación y Cultura
_c1998
300 _a335 p.
521 _aINICIAL
650 4 _aLIBROS DE TEXTO
650 4 _aACTIVIDADES DE APRENDIZAJE
650 4 _aJUEGOS EDUCATIVOS
650 4 _aGUIA DEL DOCENTE
651 4 _aEcuador
653 _aEDUCACION INICIAL
653 _aJARDINES DE INFANTES
653 _aESTRATEGIAS DIDACTICAS
942 _cBK
998 _craquel
999 _c18557
_d18557